Méjico pacificado : el progreso de México y los hombres que lo gobiernan : Porfirio Díaz, Bernardo Reyes /

Esta obra retoma el periodo histórico de México que va de 1871 a 1903 aproximadamente. El autor fue uno de los presos políticos que fueron aprehendidos en los acontecimientos del 2 de abril de 1903 en Monterrey, Nuevo León, donde se efectuó una manifestación de quince mil personas que fue reprimida...

Fuld beskrivelse

Guardado en:
Bibliografiske detaljer
Hovedforfatter: Duclós Salinas, Adolfo (autor)
Format: Bog
Sprog:spansk
Udgivet: Saint Louis, EUA : Hughes, 1904, c1904
Fag:
Tags: Tilføj Tag
Ingen Tags, Vær først til at tagge denne postø!

MARC

LEADER 00000nam^a2200000^a^4500
001 000100232
005 20250526000000.0
009 20260310093156.607
037 |a Acervo ITESO - Biblioteca 
041 |a ESP 
082 |a 972. 05  |b DUC 
100 |a Duclós Salinas, Adolfo  |e (autor) 
245 1 0 |a Méjico pacificado :  |b el progreso de México y los hombres que lo gobiernan : Porfirio Díaz, Bernardo Reyes /  |c A. Duclós Salinas. 
264 4 |a Saint Louis, EUA :  |b Hughes,  |c 1904, c1904 
300 |a V, 405 p. ;  |c 26.0 cm. 
520 |a Esta obra retoma el periodo histórico de México que va de 1871 a 1903 aproximadamente. El autor fue uno de los presos políticos que fueron aprehendidos en los acontecimientos del 2 de abril de 1903 en Monterrey, Nuevo León, donde se efectuó una manifestación de quince mil personas que fue reprimida por el ejército. 
649 |a XX 
650 |a México -  |x Historia -  |y República Liberal, 1867-1911 -  |x Tema Principal 
650 |a México -  |x Historia -  |y Siglo XIX 
650 |a México -  |x Historia 
650 |a Díaz, Porfirio 
650 |a Reyes, Bernardo 
910 |a Fondo Jesús Rodríguez 
920 |a Impresos - Libros 
930 |a Libros Antiguos y Raros 
905 |a 108 
901 |a 0500036210  |b IT2  |c LRA  |u 20250526 
902 |a https://opac.biblio.iteso.mx/vufind/Record/000100232